<?xml version="1.0" encoding="UTF-8"?>
<record
    xmlns:xsi="http://www.w3.org/2001/XMLSchema-instance"
    xsi:schemaLocation="http://www.loc.gov/MARC21/slim http://www.loc.gov/standards/marcxml/schema/MARC21slim.xsd"
    xmlns="http://www.loc.gov/MARC21/slim">

  <leader>03049nam a22001577a 4500</leader>
  <datafield tag="082" ind1=" " ind2=" ">
    <subfield code="a">629.8</subfield>
  </datafield>
  <datafield tag="100" ind1=" " ind2=" ">
    <subfield code="a">Munir, Safdar </subfield>
    <subfield code="9">130646</subfield>
  </datafield>
  <datafield tag="245" ind1=" " ind2=" ">
    <subfield code="a">Long-Term Temperature Forecasting using Deep Learning and Extreme Indices Computation /</subfield>
    <subfield code="c">Safdar Munir</subfield>
  </datafield>
  <datafield tag="264" ind1=" " ind2=" ">
    <subfield code="a">Islamabad : </subfield>
    <subfield code="b">SMME- NUST; </subfield>
    <subfield code="c">2025.</subfield>
  </datafield>
  <datafield tag="300" ind1=" " ind2=" ">
    <subfield code="a">105p.</subfield>
    <subfield code="b">Soft Copy</subfield>
    <subfield code="c">30cm</subfield>
  </datafield>
  <datafield tag="500" ind1=" " ind2=" ">
    <subfield code="a">Climate change has intensified the demand for accurate long-term temperature forecasting,
particularly in highly vulnerable regions such as Pakistan, where rising temperatures and
extreme events threaten agriculture, water security, public health, and infrastructure.
Conventional climate models, including General Circulation Models (GCMs) and Regional
Climate Models (RCMs), provide essential large-scale projections but face constraints in
spatial resolution, computational cost, and applicability in data-scarce contexts. Recent
advances in deep learning offer powerful alternatives, capable of capturing complex nonlinear relationships and producing high-resolution forecasts that can also inform the
computation of extreme climate indices. This study integrates DL based forecasting with
extreme temperature index computation to generate actionable insights for adaptation
planning in Major Cities of Pakistan. Daily temperature data from the EC-EARTH3-VEG
climate model (converted to &#xB0;C) were bias-corrected using quantile mapping under two
Shared Socioeconomic Pathways (SSP4.8 and SSP5.85). After data preprocessing multiple
deep learning models LSTM, CNN-LSTM, Transformer, Transformer XL and Deep
Ensemble with Monte Carlo (MC) Dropout, were trained on 1980&#x2013;2040 data and evaluated
for 2040&#x2013;2050 and then forecasted till 2100. Model was assessed using MAE, RMSE, R&#xB2;
with MC dropout. Deep Ensemble outperformed all the single model (MAE = 0.4588;
RMSE = 0.751; R&#xB2; = 0.992). Projections indicate a Tmax rise of ~2&#x2013;4 &#xB0;C and Tmin rise of
~1.5&#x2013;3 &#xB0;C by 2100. According to extreme climates indices calculation there continue to be
increases in warming, especially with regards to more heat waves that last longer in
addition to increases in the number of hot days and warm nights as well as fewer frost days.
The warming of nights more than the warming of days, closing the diurnal temperature
range. There is also more total precipitation which is distributed in a growing number of
days, and longer periods of rain which means that heavier rains are becoming less common,
which indicates the beginnings of a warmer, more humid, but drier and stressed climate.
The study highlights that DL Ensemble frameworks can deliver robust, long term
temperature projections and calculation of extreme indices for 25 major cities of Pakistan
and for sake of brevity only data of Lahore, Karachi, Quetta and Gilgit city shown in paper
reset are in appendix.</subfield>
  </datafield>
  <datafield tag="650" ind1=" " ind2=" ">
    <subfield code="a">MS Robotics and Intelligent Machine Engineering </subfield>
    <subfield code="9">119486</subfield>
  </datafield>
  <datafield tag="700" ind1=" " ind2=" ">
    <subfield code="a">Supervisor : Dr. Zaib Ali</subfield>
    <subfield code="9">119496</subfield>
  </datafield>
  <datafield tag="856" ind1=" " ind2=" ">
    <subfield code="u">http://10.250.8.41:8080/xmlui/handle/123456789/55218</subfield>
  </datafield>
  <datafield tag="942" ind1=" " ind2=" ">
    <subfield code="2">ddc</subfield>
    <subfield code="c">THE</subfield>
  </datafield>
  <datafield tag="999" ind1=" " ind2=" ">
    <subfield code="c">614826</subfield>
    <subfield code="d">614826</subfield>
  </datafield>
  <datafield tag="952" ind1=" " ind2=" ">
    <subfield code="0">0</subfield>
    <subfield code="1">0</subfield>
    <subfield code="4">0</subfield>
    <subfield code="7">0</subfield>
    <subfield code="a">SMME</subfield>
    <subfield code="b">SMME</subfield>
    <subfield code="c">EB</subfield>
    <subfield code="d">2025-09-23</subfield>
    <subfield code="l">0</subfield>
    <subfield code="o">629.8</subfield>
    <subfield code="p">SMME-TH-1177</subfield>
    <subfield code="r">2025-09-23</subfield>
    <subfield code="w">2025-09-23</subfield>
    <subfield code="y">THE</subfield>
  </datafield>
</record>
